[Event "NED-ch U13 Girls"]
[Site "Rijswijk"]
[Date "2006.05.27"]
[Round "9"]
[White "Meng, Olivia"]
[Black "Koehorst, Eefje"]
[Result "0-1"]
[WhiteElo "1142"]
[BlackElo "844"]
[PlyCount "80"]
[EventDate "2006.05.25"]
[EventType "swiss"]
[EventRounds "9"]
[EventCountry "NED"]
[SourceTitle "EXT 2009"]
[Source "ChessBase"]
[SourceDate "2008.11.26"]
[SourceVersion "1"]
[SourceVersionDate "2008.11.26"]
[SourceQuality "1"]

1. e4 e5 2. Nf3 Nc6 3. Bc4 Bc5 4. Nc3 Nf6 5. d3 Ng4 6. 0-0 0-0 7. h3 Nf6 8. Bg5 Be7 9. d4 Nh5 10. dxe5 Bxg5 11. Nh2 g6 12. Ng4 d6 13. Ne3 Nxe5 14. Bd5 Ng3 15. Re1 Bxe3 16. Rxe3 Nh5 17. f4 Nc6 18. f5 Qg5 19. Qf3 Nd4 20. Qf2 Nxc2 21. Rf3 Nxa1 22. Rf4 Nxf4 23. Bc4 Nxh3+ 24. Kf1 Nxf2 25. Kxf2 Qf4+ 26. Ke2 gxf5 27. Kd1 Be6 28. Be2 fxe4 29. a4 Nb3 30. Ke1 Qd2+ 31. Kf1 Bf5 32. a5 Rfe8 33. a6 Re6 34. axb7 Rb8 35. Nd5 Rxb7 36. g4 Bxg4 37. Bxg4 Rb5 38. Nxc7 Rc5 39. Nxe6 Rc1+ 40. Bd1 Rxd1# 0-1

[Event "NED-ch U13 Girls"]
[Site "Rijswijk"]
[Date "2006.05.27"]
[Round "7"]
[White "Van Leeuwen, Irene"]
[Black "Koehorst, Eefje"]
[Result "0-1"]
[WhiteElo "556"]
[BlackElo "844"]
[PlyCount "88"]
[EventDate "2006.05.25"]
[EventType "swiss"]
[EventRounds "9"]
[EventCountry "NED"]
[SourceTitle "EXT 2009"]
[Source "ChessBase"]
[SourceDate "2008.11.26"]
[SourceVersion "1"]
[SourceVersionDate "2008.11.26"]
[SourceQuality "1"]

1. e4 e5 2. Nf3 Bc5 3. Nxe5 Nf6 4. d3 d6 5. Nf3 Ng4 6. Qd2 Nxf2 7. Rg1 Nxd3+ 8. cxd3 Bxg1 9. Nxg1 Qh4+ 10. Qf2 Qxh2 11. Nf3 Qh5 12. Ng5 Nc6 13. d4 Nb4 14. a3 Nc6 15. d5 Ne7 16. Bb5+ c6 17. Bc4 cxd5 18. exd5 Bf5 19. Nc3 Qh1+ 20. Kd2 Qh5 21. Nb5 Rc8 22. Nxa7 Rxc4 23. Qf3 Qxg5+ 24. Kd1 Qh4 25. Qe2 Bc2+ 26. Kd2 Ba4 27. g3 Qxg3 28. Qxc4 Bb3 29. Qc8+ Nxc8 30. Nxc8 Kd7 31. Nb6+ Kc7 32. Na4 f5 33. Nc3 g5 34. Nb5+ Kb6 35. Nc3 f4 36. Ne2 Qh2 37. Ke1 Re8 38. Kf1 Qxe2+ 39. Kg1 Qd3 40. a4 Re2 41. a5+ Kb5 42. Bxf4 gxf4 43. Kh1 Qh3+ 44. Kg1 Qg2# 0-1

[Event "NED-ch U13 Girls"]
[Site "Rijswijk"]
[Date "2006.05.26"]
[Round "4"]
[White "Beukema, Louise"]
[Black "Koehorst, Eefje"]
[Result "1-0"]
[WhiteElo "1252"]
[BlackElo "844"]
[PlyCount "51"]
[EventDate "2006.05.25"]
[EventType "swiss"]
[EventRounds "9"]
[EventCountry "NED"]
[SourceTitle "EXT 2009"]
[Source "ChessBase"]
[SourceDate "2008.11.26"]
[SourceVersion "1"]
[SourceVersionDate "2008.11.26"]
[SourceQuality "1"]

1. e4 e5 2. Nf3 Nc6 3. Bc4 Nf6 4. Ng5 Qe7 5. Nxf7 Rg8 6. Ng5 Qc5 7. Bxg8 Nxg8 8. Qh5+ g6 9. Qxh7 Nh6 10. Qxg6+ Ke7 11. 0-0 Qxc2 12. Re1 Qc4 13. Nc3 Nd4 14. Nd5+ Kd8 15. Nf7+ Ke8 16. Nxh6+ Kd8 17. Nf7+ Ke8 18. Nd6+ Kd8 19. Nxc4 Nc2 20. Qg8 Ke8 21. Nxc7+ Ke7 22. Nxa8 Nxa1 23. Re3 Nc2 24. Rf3 Nd4 25. Qxf8+ Ke6 26. Qf6# 1-0

[Event "NED-ch U13 Girls"]
[Site "Rijswijk"]
[Date "2006.05.26"]
[Round "5"]
[White "Koehorst, Eefje"]
[Black "Koekkoek, Annette"]
[Result "0-1"]
[WhiteElo "844"]
[BlackElo "994"]
[PlyCount "64"]
[EventDate "2006.05.25"]
[EventType "swiss"]
[EventRounds "9"]
[EventCountry "NED"]
[SourceTitle "EXT 2009"]
[Source "ChessBase"]
[SourceDate "2008.11.26"]
[SourceVersion "1"]
[SourceVersionDate "2008.11.26"]
[SourceQuality "1"]

1. e4 e5 2. Nf3 Nc6 3. Bc4 Nf6 4. Ng5 d5 5. exd5 Nxd5 6. Nc3 Nxc3 7. bxc3 Qxg5 8. d4 Qxg2 9. Rf1 Qxh2 10. Bg5 exd4 11. Qe2+ Qe5 12. cxd4 Qxe2+ 13. Bxe2 Nxd4 14. 0-0-0 Nxe2+ 15. Kd2 Bg4 16. Ke3 Nc3 17. Rd3 Be2 18. Rxc3 Bxf1 19. Rxc7 Ba6 20. Ke4 Bd6 21. Rc3 0-0 22. Kd5 Rad8 23. Bxd8 Rxd8 24. Ke4 Re8+ 25. Kf3 b6 26. Rc6 Bb7 27. c4 Bxc6+ 28. Kg4 Re4+ 29. Kf5 Rxc4 30. a4 g6+ 31. Kg5 Be7+ 32. Kh6 Rh4# 0-1

[Event "NED-ch U13 Girls"]
[Site "Rijswijk"]
[Date "2006.05.26"]
[Round "6"]
[White "Koehorst, Eefje"]
[Black "Ratsma, Rosa"]
[Result "0-1"]
[WhiteElo "844"]
[BlackElo "1081"]
[PlyCount "50"]
[EventDate "2006.05.25"]
[EventType "swiss"]
[EventRounds "9"]
[EventCountry "NED"]
[SourceTitle "EXT 2009"]
[Source "ChessBase"]
[SourceDate "2008.11.26"]
[SourceVersion "1"]
[SourceVersionDate "2008.11.26"]
[SourceQuality "1"]

1. e4 e5 2. Nf3 Nc6 3. Bc4 Bc5 4. d3 d6 5. Ng5 d5 6. exd5 Na5 7. Ne4 Nxc4 8. Nxc5 Qxd5 9. Nb3 Na5 10. Qg4 Bxg4 11. Nxa5 Qxa5+ 12. Bd2 Qb6 13. Be3 Qxb2 14. d4 exd4 15. c3 dxc3 16. Bd4 Qxa1 17. 0-0 Qxa2 18. Bxg7 c2 19. Re1+ Kd7 20. Nc3 Qa5 21. Rc1 Bf5 22. Bxh8 f6 23. Ne2 Re8 24. Nd4 Re1+ 25. Rxe1 Qxe1# 0-1